LEADER 01374nam 2200397Ka 450 001 9910697202303321 005 20080805143948.0 035 $a(CKB)5470000002386904 035 $a(OCoLC)238430216 035 $a(EXLCZ)995470000002386904 100 $a20080805d2004 ua 0 101 0 $aeng 181 $ctxt$2rdacontent 182 $cc$2rdamedia 183 $acr$2rdacarrier 200 00$aAlternative air conditioning technologies$b[electronic resource] $eunderfloor air distribution (UFAD) 210 1$aWashington, D.C. :$cU.S. Dept. of Energy, Office of Energy Efficiency and Renewable Energy,$d[2004] 215 $a8 pages $cdigital, PDF file 225 1 $aTechnology focus 300 $aTitle from title screen (viewed on Aug. 1, 2008). 300 $a"March 2004." 517 $aAlternative air conditioning technologies 606 $aAir flow 606 $aOffice buildings$xAir conditioning 606 $aHeating 615 0$aAir flow. 615 0$aOffice buildings$xAir conditioning. 615 0$aHeating. 712 02$aUnited States.$bDepartment of Energy.$bOffice of Energy Efficiency and Renewable Energy. 712 02$aFederal Energy Management Program (U.S.) 801 0$bGPO 801 1$bGPO 906 $aBOOK 912 $a9910697202303321 996 $aAlternative air conditioning technologies$93511163 997 $aUNINA LEADER 03248nam0 22006133i 450 001 RMS0177953 005 20251003044344.0 010 $a8806006533 100 $a20220907d1994 ||||0itac50 ba 101 | $aita 102 $ait 181 1$6z01$ai $bxxxe 182 1$6z01$an 183 1$6z01$anc$2RDAcarrier 200 1 $aManifesto del Partito comunista$fKarl Marx e Friedrich Engels$gtradotto dall'edizione critica del Marx-Egels-Lenin Institut di Mosca$gcon introduzione a cura di Emma Cantimori Mezzomonti$gseguito dai Principi del comunismo e da Per la storia della lega dei comunisti di F. Engels, dalle prefazioni di Marx ed Engels per le varie edizioni del Manifesto, e da altri scritti e documenti 210 $aTorino$cEinaudi$dstampa 1994 215 $a330 p.$d19 cm. 225 | $aNuova universale Einaudi$v11 410 0$1001CFI0004297$12001 $aNuova universale Einaudi$v11 606 $aSocialismo$2FIR$3CFIC006126$9E 606 $aComunismo$2FIR$3CFIC005128$9E 606 $aMarx, Karl <1818-1883>$2FIR$3CFIC000005$9E 606 $aManifesto del Partito comunista$2FIR$3IEIC166737$9I 676 $a193$9FILOSOFIA OCCIDENTALE MODERNA. GERMANIA E AUSTRIA$v23 676 $a335.422$9COMUNISMO (1848-1875)$v23 700 1$aMarx$b, Karl$f <1818-1883>$3CFIV000882$4070$032587 701 1$aEngels$b, Friedrich$3CFIV006654$4070$036926 702 1$aCantimori Mezzomonti$b, Emma$3RAVV029387 790 1$aMark$b, Karl$3CFIV226183$zMarx, Karl <1818-1883> 790 1$aMarx$b, Carl$3PBEV001123$zMarx, Karl <1818-1883> 790 1$aMarx$b, Karl Heinrich$3SBNV037251$zMarx, Karl <1818-1883> 790 1$aMakesi$b, K.$3UBOV334474$zMarx, Karl <1818-1883> 790 1$aMarx$b, Carlo$3USMV957217$zMarx, Karl <1818-1883> 790 1$aMarx$b, Carlos$3USMV957218$zMarx, Karl <1818-1883> 790 1$aMark$b, Karl$3CFIV226183$zMarx, Karl <1818-1883> 790 1$aMarx$b, Carl$3PBEV001123$zMarx, Karl <1818-1883> 790 1$aMarx$b, Carlo$3USMV957217$zMarx, Karl <1818-1883> 790 1$aMarx$b, Carlos$3USMV957218$zMarx, Karl <1818-1883> 790 1$aEngels$b, Frederick$3BVEV103188$zEngels, Friedrich 790 1$aEngels$b, Federico$3SBNV037274$zEngels, Friedrich 790 1$aEngels$b, F.$3SBNV037275$zEngels, Friedrich 790 0$aEngesi$3SBNV037276$zEngels, Friedrich 790 1$aEngels$b, Frederick$3BVEV103188$zEngels, Friedrich 790 1$aCantimori$b, Emma$3SBNV075120$zCantimori Mezzomonti, Emma 790 1$aCantimori Mezzomonti$b, E.$3UTOV540464$zCantimori Mezzomonti, Emma 790 1$aMezzomonti$b, Emma$3UTOV564726$zCantimori Mezzomonti, Emma 801 3$aIT$bIT-000000$c20220907 850 $aIT-BN0095 901 $bNAP 01$cPOZZO LIB.$nVi sono collocati fondi di economia, periodici di ingegneria e scienze, periodici di economia e statistica e altri fondi comprendenti documenti di economia pervenuti in dono. 912 $aRMS0177953 950 0$aBiblioteca Centralizzata di Ateneo$c1 v.$d 01POZZO LIB.ECON MON 7163$e 0101 0700222295E VMA 1 v. (Precedente collocazione 22 Ec 229)$fB $h20220801$i20220801 977 $a 01 996 $aManifest der kommunistischen Partei$929557 997 $aUNISANNIO